La reforma procesal penal de Cr̤doba

Detalles Bibliográficos
Autor principal: Cp̤pola, Patricia
Formato: eBook
Lenguaje:español
Publicado: Cr̤doba: Alveroni Ediciones, 2003
Materias:
Acceso en línea:Acceso restringido

MARC

LEADER 00000nam a22000007a 4500
005 20140414233031.0
007 cr|||| ||||
008 140414s2003 ar |||||s|||| 00||0 spa d
035 |a 11867 
040 |a vLex 
090 |c 4779  |d 4779 
100 1 |a Cp̤pola, Patricia 
245 1 3 |a La reforma procesal penal de Cr̤doba  |h [Recurso electrn̤ico] / 
256 |a Servicio en ln̕ea 
260 |a Cr̤doba:  |b Alveroni Ediciones,  |c 2003 
300 |a 1 recurso electrn̤ico 
500 |a Antecedentes. Normativa principal. Evaluacin̤ aproximativa de su implementacin̤. 
506 1 |a Disponible solo en los productos indicados  |d vLex Global  |d vLex Global (Academic Edition, excluding Law Schools)  |d vLex Global (U.S. Academic Edition, Law Schools)  |d vLex Global (U.S. Academic Edition, excluding Law Schools)  |d vLex Global (Academic Edition, Law Schools) 
650 |a Derecho Penal  |z Argentina 
650 |a Procedimiento Penal  |z Argentina 
740 0 |a vLex Libros (Servicio en ln̕ea) 
856 4 0 |u http://vlex.com/source/reforma-procesal-penal-cordoba-11867  |z Acceso restringido 
942 |c BOOK 
999 0 |a Criminal Law 
999 0 |a Criminal Procedure